000 00683nam a2200181Ia 4500
008 100921s9999 xx 000 0 und d
082 _b11157
_a598 थ 67
100 _aअली सलीम,फतेहअली लईक,अनु,सोवनी रा.वि.
245 _aभारतीय पक्षी.
260 _bनॅशनल बुक ट्रस्ट,नवी दिल्ली.
_c1967
300 _a122
_b---
365 _b9
520 _aविज्ञान-पक्षी.
630 _aभारतीय पक्षी.
650 _aविज्ञान-पक्षी.
730 _aभारतीय पक्षी.
942 _cBOOK
999 _c760270
_d760267